01369nam a2200337Ia 4500001000700000003000500007008004100012010001100053040000900064090001700073100004400090245019000134260004100324300001000365502007600375650003500451650003100486650003400517650003100551650003700582650003200619650003100651901001700682902000600699910000900705942000600714942000600720999001900726952014300745952014300888Z_2144CHAP220113s1995 xx 000 0 und d a163569 cCHAP aTesis D 1021 aDíaz Jiménez, Doroteo Javier933517 aEvaluación agronómica de cinco genótipos de maíz (Zea mays L.) a diferentes densidades en condiciones de temporal en Temascalapa, Méx. /cpor Doroteo Javier Díaz Jiménez aChapingo, Méx. :bEl autor,c1995 a62 h. aTesis (Ing. Agr. Esp. en Zootecnia) -- UACH. Departamento de Zootecnia aAgricultura de temporal 91999 aMaíz como forraje971109 aMaízxEspaciamiento 970946 aMaízxGenética 970963 aMaízxMéxico (Edo.) 9137732 aMaízxRendimiento 971051 aMaízxVariedades 971081 aTESIS D 1021 aM a1995 c2 c2 c163569d163569 00102local4051708TESISaZbZd2005-11-09eEl autorl0oTesis D539 1021 1995p5101001527r2022-01-18 00:00:00tEj.1w2022-01-18yTESIS 00102local4055708TESISaZbZd2005-11-09eEl autorl0oTesis D539 1021 1995p5101001528r2022-01-18 00:00:00tEj.2w2022-01-18yTESIS